The Battle of the Atlantic Quiz - Statistics

General Stats
  • This quiz has been taken 19 times
  • The average score is 5 of 8
Answer Stats
Question Answer % Correct
What was the name for supply ships that transported goods across the Atlantic? Merchant Marines
100%
What was the name of the facility where the Allies broke the Enigma Code? Bletchley Park
83%
What is a U-Boat? "Unterseeboot" (German Submarine)
83%
Which was a common long-range aircraft? B-24 Liberator
67%
What does ASDIC stand for? Anti-Submarine Detection Investigation Committee
50%
What was the name of a wireless radio station near Moncton, NB, that was tasked with locating U-Boats? Coverdale
50%
This Canadian-invented technology was used to counter the Glide Bomb. Canadian Naval Jammer (CNJ)
33%
What type of technology is Type 271 & ASV Mark III? Radar
17%
No matching quizzes found
Score Distribution
Percent of People with Each Score
Percentile by Number Answered
Your Score History
You have not taken this quiz